Paroles - Déjeuner en paix - Stéphan Eicher - Statistiques

Statistiques générales
  • Ce quiz a été pris 1 230 fois
  • Le résultat moyen est 165 sur 203
Statistiques - réponses
Réponses % Correct
le
99%
en
98%
Déjeuner
97%
déjeuner
97%
Je
97%
je
97%
m'a
97%
paix,
97%
paix
97%
Les
96%
les
96%
son
96%
à
95%
Elle
95%
elle
95%
La
94%
la
94%
me
94%
Me
94%
que
94%
sont
93%
matin
92%
nouvelles
92%
qu'elle
92%
si
92%
mauvaises
91%
pour
91%
un
91%
du
90%
regarde
89%
journal
88%
ne
88%
qu'elles
88%
sur
88%
ce
87%
dit
87%
d'où
87%
viennent
87%
café
85%
peine
85%
enfin
84%
et
84%
Et
84%
riant
83%
se
82%
prend
81%
une
78%
rien
74%
bébé
73%
Noël
73%
pas
73%
va
73%
chaise
72%
humaine
72%
lève
72%
nature
72%
permettais
72%
voulait
72%
Plus
71%
lui
70%
est
67%
surprend
67%
voudrait
67%
réveille
66%
permets
65%
dernière
64%
feras-tu
62%
J'attends
62%
monde
62%
bien
61%
braises
61%
moi
61%
prennent
61%
souffle
61%
fenêtre
60%
hécatombe
60%
ni
60%
tout
58%
C'est
57%
m'inspire
57%
animal
56%
demande
56%
mal
56%
L'homme
55%
ciel
53%
J'abandonne
53%
qu'il
53%
dit-elle
52%
fois
52%
garderai
52%
Cette
51%
t-elle
51%
neiger
50%
soudain
50%
Est-ce
49%
annoncerai
48%
N'est
48%
Crois-tu
47%
pourquoi
44%
vais
40%
rose
39%
honnête
38%
Aucun quiz correspondant
Distribution des résultats
% des personnes avec chaque résultat
Percentile par nombre de réponses
Votre historique - résultats
Vous n’avez pas pris ce quiz